Statistics for What Is The Capital Of...?

Click here to take the quiz!

General Stats

  • This quiz has been taken 21 times
  • The average score is 22 of 30

Answer Stats

QuestionAnswer% Correct
AustraliaCanberra
88%
IrelandDublin
88%
PortugalLisbon
88%
TurkeyAnkara
82%
SwitzerlandBern
82%
BrazilBrasilia
82%
SlovakiaBratislava
82%
UruguayMontevideo
82%
North MacedoniaSkopje
82%
VietnamHanoi
76%
PakistanIslamabad
76%
KenyaNairobi
76%
BhutanThimphu
76%
LibyaTripoli
76%
LiechtensteinVaduz
76%
LithuaniaVilnius
76%
NigeriaAbuja
71%
RomaniaBucharest
71%
VenezuelaCaracas
71%
QatarDoha
71%
JamaicaKingston
71%
AngolaLuanda
71%
YemenSana'a
71%
Costa RicaSan Jose
71%
FijiSuva
71%
HondurasTegucigalpa
71%
South AfricaBloemfontein
65%
SudanKhartoum
65%
MyanmarNaypyidaw
65%
TurkmenistanAshgabat
53%

Score Distribution

Percentile by Number Answered

Percent of People with Each Score

Your Score History

You have not taken this quiz